Gaming Quiz

Random Gaming or Console Quiz
Score 0/83 Timer 15:00
0 Plays Today
% Correct
Final Fantasy VI
65.5%
Final Fantasy VII
65.5%
Final Fantasy VIII
65.5%
Final Fantasy IX
62.1%
FIFA 2001
51.7%
FIFA 2002
51.7%
FIFA 96
48.3%
FIFA 97
48.3%
FIFA 2000
48.3%
FIFA: Road to World Cup 98
44.8%
FIFA 99
41.4%
Final Fantasy Tactics
37.9%
FIFA 2005
34.5%
Frogger
31%
Frogger 2: Swampy's Revenge
31%
Final Fantasy Origins
27.6%
Formula 1
27.6%
F1 2000
24.1%
Final Fantasy Anthology
24.1%
Fear Effect
20.7%
Fear Effect 2: Retro Helix
20.7%
Fighting Force
20.7%
Final Fantasy Chronicles
20.7%
FA Manager
17.2%
Fade to Black
17.2%
Fatal Fury: Wild Ambition
17.2%
FIFA Football 2003
17.2%
FIFA Football 2004
17.2%
% Correct
Fighter Maker
17.2%
Fighting Force 2
17.2%
Final Doom
17.2%
Firebugs
17.2%
Firestorm: ThunderHawk 2
17.2%
Fluid
17.2%
Ford Racing
17.2%
Forsaken
17.2%
Fox Hunt
17.2%
F1 World Grand Prix
13.8%
Faire Games: Language Arts
13.8%
Family Feud
13.8%
Fantastic Four
13.8%
The Fifth Element
13.8%
The Final Round
13.8%
Firo and Klawd
13.8%
Fisherman's Bait: A Bass Challenge
13.8%
Fisherman's Bait 2: Big Ol' Bass
13.8%
Floating Runner
13.8%
Flying Squadron
13.8%
Formula 1 98
13.8%
Formula 1: Championship Edition
13.8%
Formula GP
13.8%
Formula One 99
13.8%
Formula One 2000
13.8%
Formula One 2001
13.8%
Freestyle Scooter
13.8%
Frenzy!
13.8%
% Correct
Front Mission 3
13.8%
Future Cop: LAPD
13.8%
Future Racer
13.8%
F1 Championship Season 2000
10.3%
F1 Racing Championship
10.3%
F1 World Grand Prix 2000
10.3%
The FA Premier League Football Manager 2000
10.3%
The FA Premier League Football Manager 2001
10.3%
FA Premier League Stars
10.3%
FA Premier League Stars 2001
10.3%
Faire Games: Mathematics
10.3%
Family Connection Demonstration
10.3%
Family Card Game Fun Pack
10.3%
Family Game Pack
10.3%
Felony 11-79
10.3%
Fisherman's Bait 3
10.3%
Flintstones Bedrock Bowling
10.3%
Football Madness
10.3%
Ford Truck Mania
10.3%
Formula Karts Special Edition
10.3%
Formula Nippon '99
10.3%
Formula One Arcade
10.3%
FoxKids.com Micro Maniacs Racing
10.3%
Fox Sports Soccer '99
10.3%
Frank Thomas Big Hurt Baseball
10.3%
Freestyle Boardin' '99
10.3%
Freestyle Motocross: McGrath vs. Pastrana
10.3%

You're not logged in!

Compare scores with friends on all Sporcle quizzes.
OR
Log In

Sporcle TV

Today on Sporcle TV


Watch our educational content, quiz creation guides, and fun videos on Sporcle TV.

Show Comments

Extras

Top Quizzes Today


Score Distribution

Paid Content

Your Account Isn't Verified!

In order to create a playlist on Sporcle, you need to verify the email address you used during registration. Go to your Sporcle Settings to finish the process.

Report this User

Report this user for behavior that violates our Community Guidelines.

Details: